Programming microsoft ASP.NET 4 (Record no. 10847)
[ view plain ]
| 000 -LEADER | |
|---|---|
| fixed length control field | 00416 a2200157 4500 |
| 020 ## - INTERNATIONAL STANDARD BOOK NUMBER | |
| International Standard Book Number | 9789350041109 |
| 082 ## - DEWEY DECIMAL CLASSIFICATION NUMBER | |
| Classification number | 005.276 |
| 090 ## - LOCALLY ASSIGNED LC-TYPE CALL NUMBER (OCLC); LOCAL CALL NUMBER (RLIN) | |
| -- | 7038 |
| -- | 7038 |
| 100 ## - MAIN ENTRY--PERSONAL NAME | |
| Personal name | Esposito, Dino |
| 245 ## - TITLE STATEMENT | |
| Title | Programming microsoft ASP.NET 4 |
| Statement of responsibility, etc. | Dino Esposito |
| 260 ## - PUBLICATION, DISTRIBUTION, ETC. | |
| Place of publication, distribution, etc. | India |
| Name of publisher, distributor, etc. | Dreamtec Press |
| Date of publication, distribution, etc. | 2011 |
| 300 ## - PHYSICAL DESCRIPTION | |
| Extent | 965 p. |
| 650 ## - SUBJECT ADDED ENTRY--TOPICAL TERM | |
| Topical term or geographic name entry element | Web site development--Internet programming |
| 700 ## - ADDED ENTRY--PERSONAL NAME | |
| Personal name | Dino Esposito |
| 942 ## - ADDED ENTRY ELEMENTS (KOHA) | |
| Koha item type | Book |
| Call number prefix | 005.276 ESP |
| Withdrawn status | Lost status | Damaged status | Not for loan | Collection code | Permanent Location | Current Location | Shelving location | Date acquired | Source of acquisition | Cost, normal purchase price | Total Checkouts | Full call number | Barcode | Date last seen | Date last checked out | Price effective from | Koha item type |
|---|---|---|---|---|---|---|---|---|---|---|---|---|---|---|---|---|---|
| Central Library (CL) | Central Library (CL) | First Floor - Software Engineering/ Programming Language | 04/19/2012 | Allied Book Company | 1107.21 | 1 | 005.276 ESP | SEECS011203 | 10/27/2016 | 10/18/2016 | 01/05/2017 | Book | |||||
| Central Library (CL) | Central Library (CL) | First Floor - Software Engineering/ Programming Language | 04/19/2012 | Allied Book Company | 1107.21 | 005.276 ESP | SEECS011200 | 11/14/2012 | 01/05/2017 | Book | |||||||
| Central Library (CL) | Central Library (CL) | First Floor - Software Engineering/ Programming Language | 04/19/2012 | Allied Book Company | 1107.21 | 1 | 005.276 ESP | SEECS011199 | 03/11/2014 | 02/19/2014 | 01/05/2017 | Book | |||||
| Central Library (CL) | Central Library (CL) | First Floor - Software Engineering/ Programming Language | 04/19/2012 | Allied Book Company | 1107.21 | 005.276 ESP | SEECS011202 | 11/14/2012 | 01/05/2017 | Book | |||||||
| Central Library (CL) | Central Library (CL) | First Floor - Software Engineering/ Programming Language | 04/19/2012 | Allied Book Company | 1107.21 | 005.276 ESP | SEECS011201 | 11/14/2012 | 01/05/2017 | Book |
